000 00604nam a2200205Ia 4500
008 150520s9999 xx 000 0 und d
050 _aRB 1
050 _b.R175 2015
100 _aRamos, Wesley Kane E.
245 _aPatient information system for edgardo's ortho dental clinic /
245 _cWesley Kane E. Ramos.
260 _aLas Piñas, Philippines :
260 _bSISC,
260 _c2015.
300 _a68 pages :
300 _billustrations ;
300 _c28 cm.
500 _aIncludes bibliographical references and appendices.
650 _aMedical records system, Computerized
999 _c284102
_d284102